书目信息 |
| 题名: |
离子通道研究方法精要
|
|
| 作者: | 康恩 主编 | |
| 分册: | 英文版 | |
| 出版信息: | 北京 科学出版社 2011 |
|
| 页数: | 606 | |
| 开本: | 23cm | |
| 丛书名: | ||
| 单 册: | ||
| 中图分类: | Q25 | |
| 科图分类: | ||
| 主题词: | 细胞生理学 | |
| 电子资源: | ||
| ISBN: | 7-03-030602-9 | |
| 000 | 00592nam0 2200181 450 | |
| 001 | 1735846483 | |
| 005 | 20170410095726.48 | |
| 010 | @a7-03-030602-9@b精装@d¥128.00 | |
| 100 | @a20170410d km y0chiy0120 ea | |
| 101 | 0 | @achi |
| 200 | 1 | @a离子通道研究方法精要@Ali zi tong dao yan jiu fang fa jing yao@h英文版@f康恩(Conn,P.M.)主编@Fkang en(Conn,P.M.)zhu bian |
| 210 | @a北京@c科学出版社@d2011 | |
| 215 | @a606@d23cm | |
| 606 | 0 | @a细胞生理学 |
| 690 | @aQ25@v4 | |
| 701 | 0 | @a康恩@Akang en@bConn,P.M.@4主编 |
| 801 | 0 | @aCN@b大连网信软件有限公司图书馆·11@c20170410 |
| 905 | @b6604447@dQ25@en3@f1 | |
| 离子通道研究方法精要.英文版/康恩(Conn,P.M.)主编.-北京:科学出版社,2011 |
| 606;23cm |
| ISBN 7-03-030602-9(精装):¥128.00 |
| ● |
| 相关链接 |
|
|
|
|
正题名:离子通道研究方法精要
索取号:Q25/n3
 
预约/预借
| 序号 | 登录号 | 条形码 | 馆藏地/架位号 | 状态 | 备注 |
| 1 | 6604447 | 266044470 | 密集书库-生命科学系/ [索取号:Q25/n3] | 在馆 |